000
00288nam a22001337a 4500
008
170808b xxu||||| |||| 00| 0 eng d
020
_a
15767601829
041
_a
eng
080
_a
004
100
_a
35
101
_a
SHK
245
_a
QUICKSTART TO JAVA SCRIPT
_c
LIN,F
942
_2
udc
_c
BK
999
_c
22895
_d
22895